[Event "Warsaw YMCA Spring-C 215th"]
[Site "Warsaw"]
[Date "2019.05.08"]
[Round "5"]
[White "Bartczak, Hanna"]
[Black "Duda, Ryszard"]
[Result "1-0"]
[WhiteElo "1391"]
[BlackElo "1417"]
[PlyCount "91"]
[EventDate "2019.04.10"]
[EventType "tourn"]
[EventRounds "11"]
[EventCountry "POL"]
[SourceTitle "CBM 195 Extra"]
[Source "ChessBase"]
[SourceDate "2020.05.31"]
[SourceVersion "1"]
[SourceVersionDate "2020.05.31"]
[SourceQuality "1"]

1. Nf3 Nf6 2. d4 g6 3. c4 Bg7 4. Nc3 d5 5. e3 0-0 6. Bd3 c5 7. 0-0 cxd4 8. exd4 dxc4 9. Bxc4 e6 10. Bf4 a6 11. a4 Nc6 12. Qd2 Nd5 13. Bh6 Re8 14. Bxg7 Kxg7 15. Rfe1 Nxc3 16. Qxc3 Qa5 17. Qe3 Bd7 18. Qf4 h6 19. Ne5 Nxe5 20. dxe5 Qd8 21. Rad1 Qe7 22. Qf6+ Kg8 23. Qxe7 Rxe7 24. Rd6 Bxa4 25. b3 Bc6 26. Red1 Rc7 27. f4 Kg7 28. Kf2 Rac8 29. g4 b5 30. Bd3 Bb7 31. f5 gxf5 32. gxf5 exf5 33. Bxf5 Rh8 34. Rg1+ Kf8 35. Rd8+ Ke7 36. Rxh8 Rc5 37. Re1 Bd5 38. Re3 Rc6 39. Rh3 a5 40. R8xh6 Rxh6 41. Rxh6 Bxb3 42. Rb6 Bc4 43. Ke3 a4 44. Bd3 Bxd3 45. Kxd3 a3 46. Rxb5 1-0

[Event "Warsaw YMCA Spring-C 215th"]
[Site "Warsaw"]
[Date "2019.04.17"]
[Round "2"]
[White "Duda, Ryszard"]
[Black "Jaroszuk, Marcin"]
[Result "0-1"]
[WhiteElo "1417"]
[BlackElo "1394"]
[PlyCount "50"]
[EventDate "2019.04.10"]
[EventType "tourn"]
[EventRounds "11"]
[EventCountry "POL"]
[SourceTitle "CBM 195 Extra"]
[Source "ChessBase"]
[SourceDate "2020.05.31"]
[SourceVersion "1"]
[SourceVersionDate "2020.05.31"]
[SourceQuality "1"]

1. e4 e5 2. Nf3 Nc6 3. Bb5 a6 4. Ba4 d6 5. c3 f5 6. exf5 Bxf5 7. 0-0 Bd3 8. Re1 Be7 9. Re3 e4 10. Nd4 Qd7 11. Nxc6 bxc6 12. Bc2 Bxc2 13. Qxc2 d5 14. d3 Nf6 15. dxe4 Nxe4 16. Re1 0-0 17. Be3 Bd6 18. Nd2 Rae8 19. Nxe4 Rxe4 20. Bd2 Qf5 21. Rf1 Bxh2+ 22. Kh1 Qh5 23. Qd1 Re2 24. g4 Qh3 25. Qxe2 Bg3+ 0-1

[Event "Warsaw YMCA Autumn-C 207th"]
[Site "Warsaw"]
[Date "2018.12.11"]
[Round "13"]
[White "Rak, Jacek"]
[Black "Duda, Ryszard"]
[Result "0-1"]
[WhiteElo "1428"]
[BlackElo "1502"]
[PlyCount "84"]
[EventDate "2018.09.18"]
[EventType "tourn"]
[EventRounds "13"]
[EventCountry "POL"]
[SourceTitle "EXT 2021"]
[Source "ChessBase"]
[SourceDate "2020.10.23"]
[SourceVersion "1"]
[SourceVersionDate "2020.10.23"]
[SourceQuality "1"]

1. d4 Nf6 2. Nc3 d5 3. Bf4 e6 4. Nb5 Bd6 5. Nxd6+ cxd6 6. e3 0-0 7. Bd3 Nc6 8. Nf3 Re8 9. Bg5 e5 10. dxe5 dxe5 11. Bxf6 Qxf6 12. Be2 Bg4 13. h3 Bxf3 14. Bxf3 e4 15. Bg4 Rad8 16. c3 Ne5 17. 0-0 Nxg4 18. Qxg4 Qb6 19. Qe2 Re6 20. Rfd1 Rg6 21. Rd4 Qe6 22. Kh1 Rh6 23. Kh2 Qe5+ 24. g3 Qe6 25. Qf1 Rf6 26. Rad1 Rf5 27. Qg2 Re8 28. Kg1 h5 29. h4 Qc6 30. R1d2 Rfe5 31. Qf1 g5 32. hxg5 Rxg5 33. Qd1 Ree5 34. Kg2 h4 35. Qh1 hxg3 36. fxg3 Qg6 37. Qe1 Rh5 38. Rf2 Qh6 39. Qg1 Rh3 40. Rf4 Rg5 41. g4 Qh4 42. Qf2 Rh2+ 0-1

[Event "Warsaw YMCA Autumn-C 207th"]
[Site "Warsaw"]
[Date "2018.11.07"]
[Round "8"]
[White "Bartczak, Hanna"]
[Black "Duda, Ryszard"]
[Result "1-0"]
[WhiteElo "1453"]
[BlackElo "1502"]
[PlyCount "121"]
[EventDate "2018.09.18"]
[EventType "tourn"]
[EventRounds "13"]
[EventCountry "POL"]
[SourceTitle "EXT 2021"]
[Source "ChessBase"]
[SourceDate "2020.10.23"]
[SourceVersion "1"]
[SourceVersionDate "2020.10.23"]
[SourceQuality "1"]

1. Nf3 Nf6 2. c4 g6 3. Nc3 Bg7 4. d4 d5 5. Bf4 0-0 6. e3 Bg4 7. h3 Bxf3 8. Qxf3 e6 9. Bd3 c6 10. cxd5 Nxd5 11. Nxd5 Qxd5 12. Qxd5 exd5 13. Kd2 Nd7 14. Bd6 Rfe8 15. b4 Re6 16. Bg3 Rae8 17. Rhe1 Nf6 18. f3 Bf8 19. a3 Bd6 20. Bf2 Bc7 21. Rec1 a6 22. a4 Bd8 23. Rab1 R8e7 24. b5 axb5 25. axb5 Ba5+ 26. Kd1 cxb5 27. Rxb5 b6 28. Rc8+ Re8 29. Rc2 Kg7 30. Rbb2 Rd8 31. Bb5 Re7 32. Ke2 g5 33. Bg3 Ne8 34. h4 h6 35. hxg5 hxg5 36. Rc6 Re6 37. Be5+ Kg8 38. Rc1 Rh6 39. Rbc2 f6 40. Rc6 Kg7 41. Bg3 Rh8 42. Bd3 Rf8 43. Bf5 Rh8 44. f4 Nd6 45. Rc7+ Kf8 46. Bg6 Ne4 47. Bxe4 dxe4 48. fxg5 Rg8 49. Rf1 Rxg5 50. Rxf6+ Kg8 51. Kf2 Be1+ 52. Kxe1 Rxg3 53. Kf2 Rg4 54. Rcc6 b5 55. Rg6+ Rxg6 56. Rxg6+ Kf7 57. Rb6 Rd5 58. Kg3 Rf5 59. Kg4 Rf2 60. Rxb5 Rxg2+ 61. Kf4 1-0

[Event "Warsaw YMCA Autumn-C 207th"]
[Site "Warsaw"]
[Date "2018.10.10"]
[Round "4"]
[White "Kuznik, Kamil"]
[Black "Duda, Ryszard"]
[Result "1/2-1/2"]
[WhiteElo "1553"]
[BlackElo "1502"]
[PlyCount "102"]
[EventDate "2018.09.18"]
[EventType "tourn"]
[EventRounds "13"]
[EventCountry "POL"]
[SourceTitle "EXT 2021"]
[Source "ChessBase"]
[SourceDate "2020.10.23"]
[SourceVersion "1"]
[SourceVersionDate "2020.10.23"]
[SourceQuality "1"]

1. e4 c6 2. d4 d5 3. exd5 cxd5 4. c4 e6 5. Nf3 Nf6 6. Bd3 dxc4 7. Bxc4 Bb4+ 8. Bd2 Bxd2+ 9. Qxd2 0-0 10. Nc3 Nc6 11. 0-0 a6 12. Rad1 Qa5 13. d5 exd5 14. Nxd5 Nxd5 15. Bxd5 Qxd2 16. Rxd2 Be6 17. Bxe6 fxe6 18. Rd7 Rf7 19. Rfd1 Rxd7 20. Rxd7 Rd8 21. Ne5 Rxd7 22. Nxd7 Nd8 23. Nc5 Kf7 24. Kf1 Ke7 25. Ke2 a5 26. Kd3 b5 27. Nb3 Nc6 28. Ke4 Kd6 29. Nd4 Nxd4 30. Kxd4 e5+ 31. Ke4 Ke6 32. g3 g5 33. f3 h6 34. f4 exf4 35. gxf4 g4 36. f5+ Kf6 37. Kf4 h5 38. Ke4 h4 39. Kf4 g3 40. hxg3 hxg3 41. Kxg3 Kxf5 42. Kf3 Ke5 43. Ke3 Kd5 44. Kd3 Kc5 45. Kc3 b4+ 46. Kd3 a4 47. b3 axb3 48. axb3 Kd5 49. Ke3 Ke5 50. Kd3 Kd5 51. Ke3 Ke5 1/2-1/2

[Event "Warsaw YMCA Spring-C 200th"]
[Site "Warsaw"]
[Date "2018.06.20"]
[Round "12"]
[White "Wasilewski, Orhan"]
[Black "Duda, Ryszard"]
[Result "0-1"]
[WhiteElo "1401"]
[BlackElo "1444"]
[PlyCount "90"]
[EventDate "2018.04.05"]
[EventType "tourn"]
[EventRounds "13"]
[EventCountry "POL"]
[SourceTitle "EXT 2021"]
[Source "ChessBase"]
[SourceDate "2020.10.23"]
[SourceVersion "1"]
[SourceVersionDate "2020.10.23"]
[SourceQuality "1"]

1. e4 c6 2. d4 d5 3. e5 Bf5 4. Nc3 e6 5. g4 Bg6 6. h4 h6 7. h5 Bh7 8. Bg2 c5 9. Nge2 Nc6 10. Be3 cxd4 11. Bxd4 Nxd4 12. Nxd4 Bb4 13. 0-0 a6 14. Nce2 Qc7 15. c3 Bc5 16. f4 Ne7 17. Qd2 Nc6 18. Rac1 0-0 19. Kh1 Qe7 20. Nf3 Be4 21. g5 Bxf3 22. Rxf3 hxg5 23. Rg3 f6 24. Nd4 Bxd4 25. cxd4 fxe5 26. fxe5 Rf4 27. Rg1 Raf8 28. Qd3 Rh4+ 29. Rh3 g4 30. Qg6 Rxh3+ 31. Bxh3 gxh3 32. h6 Rf7 33. Qh5 Nxd4 34. hxg7 Rxg7 35. Rxg7+ Qxg7 36. Qe8+ Kh7 37. Qh5+ Qh6 38. Qf7+ Qg7 39. Qh5+ Kg8 40. Qe8+ Qf8 41. Qg6+ Kh8 42. Qh5+ Kg7 43. Qg5+ Kf7 44. Qf6+ Ke8 45. Qg6+ Qf7 0-1

[Event "Warsaw YMCA Spring-C 185th"]
[Site "Warsaw"]
[Date "2017.06.13"]
[Round "12"]
[White "Duda, Ryszard"]
[Black "Szumigaj, Marcin"]
[Result "1-0"]
[WhiteElo "1453"]
[BlackElo "1396"]
[PlyCount "87"]
[EventDate "2017.04.06"]
[EventType "tourn"]
[EventRounds "13"]
[EventCountry "POL"]
[SourceTitle "EXT 2019"]
[Source "ChessBase"]
[SourceDate "2018.10.10"]
[SourceVersion "1"]
[SourceVersionDate "2018.10.10"]
[SourceQuality "1"]

1. c4 Nf6 2. Nc3 g6 3. Nf3 Bg7 4. d4 0-0 5. e4 d6 6. Be2 e5 7. d5 Nbd7 8. 0-0 Nc5 9. Qc2 a5 10. Be3 Nh5 11. Qd2 f5 12. exf5 Bxf5 13. Bg5 Qd7 14. Nh4 Nf4 15. Bxf4 exf4 16. Nxf5 Qxf5 17. Rfe1 a4 18. Rac1 g5 19. h3 Qg6 20. Bf3 Rae8 21. Rxe8 Rxe8 22. Re1 Be5 23. Ne4 Nxe4 24. Rxe4 Kg7 25. Qe2 Qf6 26. Qd1 Ra8 27. b3 axb3 28. Qxb3 Rb8 29. Qb5 Qf7 30. Bg4 Qe8 31. Bd7 Qf8 32. Be6 Qe8 33. Qb1 b5 34. c5 b4 35. cxd6 cxd6 36. Rxb4 Rxb4 37. Qxb4 Qh5 38. Qb7+ Kh6 39. Bf5 Qd1+ 40. Kh2 f3+ 41. g3 Bg7 42. Qe7 Qf1 43. Qe6+ Kh5 44. Bg4# 1-0

[Event "Warsaw YMCA Winter-C 181st"]
[Site "Warsaw"]
[Date "2017.02.15"]
[Round "6"]
[White "Duda, Ryszard"]
[Black "Kwiek, Janusz"]
[Result "1-0"]
[WhiteElo "1445"]
[BlackElo "1446"]
[PlyCount "97"]
[EventDate "2017.01.11"]
[EventType "tourn"]
[EventRounds "11"]
[EventCountry "POL"]
[SourceTitle "EXT 2019"]
[Source "ChessBase"]
[SourceDate "2018.10.10"]
[SourceVersion "1"]
[SourceVersionDate "2018.10.10"]
[SourceQuality "1"]

1. e4 c5 2. Nf3 e6 3. d4 cxd4 4. Nxd4 Nf6 5. Nc3 Bb4 6. f3 Nc6 7. Be3 0-0 8. a3 Bxc3+ 9. bxc3 Qa5 10. Qd2 d5 11. Nb3 Qc7 12. Bd3 dxe4 13. fxe4 Rd8 14. Qe2 Qe5 15. Bd2 Qh5 16. Qxh5 Nxh5 17. 0-0 b6 18. Be2 g6 19. Rf2 Ng7 20. Bg5 Rd6 21. Bf6 Ne8 22. Bg5 f5 23. Bb5 Bb7 24. exf5 exf5 25. Bf4 Rdd8 26. Bc4+ Kg7 27. Re2 Nf6 28. Nd4 Re8 29. Ne6+ Kh8 30. Rd2 Rac8 31. Ba2 h5 32. Ng5 Kg7 33. Rad1 Re7 34. Ne6+ Kh7 35. Bg5 Rf7 36. Bxf6 Rxf6 37. Rd7+ Kh6 38. Rxb7 Ne5 39. Rxa7 Nc4 40. Nd8 g5 41. Rdd7 g4 42. g3 f4 43. Nf7+ Rxf7 44. Rxf7 f3 45. Bxc4 Rxc4 46. Rf6+ Kg5 47. Rxb6 Rc5 48. c4 h4 49. Rb5 1-0

[Event "Warsaw YMCA Autumn-D 177th"]
[Site "Warsaw"]
[Date "2016.10.18"]
[Round "5"]
[White "Duda, Ryszard"]
[Black "Rejniak, Zuzanna"]
[Result "0-1"]
[WhiteElo "1485"]
[BlackElo "1359"]
[PlyCount "62"]
[EventDate "2016.09.19"]
[EventType "tourn"]
[EventRounds "13"]
[EventCountry "POL"]
[SourceTitle "EXT 2019"]
[Source "ChessBase"]
[SourceDate "2018.10.10"]
[SourceVersion "1"]
[SourceVersionDate "2018.10.10"]
[SourceQuality "1"]

1. d4 Nf6 2. c4 g6 3. Bf4 Bg7 4. e3 0-0 5. Nc3 d5 6. Nf3 c6 7. Bd3 Nbd7 8. h3 dxc4 9. Bxc4 Nb6 10. Bd3 Nbd5 11. Bh2 c5 12. Nxd5 Nxd5 13. Qd2 cxd4 14. Nxd4 a6 15. 0-0 Qb6 16. Nb3 Rd8 17. Qe2 Be6 18. Bc4 Rac8 19. Rad1 Rxc4 20. Qxc4 Nxe3 21. Qc7 Qxc7 22. Bxc7 Rxd1 23. Rxd1 Nxd1 24. Nc5 Nxb2 25. Nxb7 Bxa2 26. Nc5 Bc4 27. Bd8 e6 28. Ba5 Bd4 29. Ne4 Bd3 30. Bc3 Bxc3 31. Nxc3 a5 0-1

[Event "Warsaw YMCA Autumn-D 177th"]
[Site "Warsaw"]
[Date "2016.10.11"]
[Round "4"]
[White "Sieczkowski, Adam"]
[Black "Duda, Ryszard"]
[Result "0-1"]
[WhiteElo "1478"]
[BlackElo "1485"]
[PlyCount "78"]
[EventDate "2016.09.19"]
[EventType "tourn"]
[EventRounds "13"]
[EventCountry "POL"]
[SourceTitle "EXT 2019"]
[Source "ChessBase"]
[SourceDate "2018.10.10"]
[SourceVersion "1"]
[SourceVersionDate "2018.10.10"]
[SourceQuality "1"]

1. d4 Nf6 2. Nf3 g6 3. e3 d5 4. Bd3 c5 5. b3 Bg7 6. Nbd2 cxd4 7. exd4 0-0 8. 0-0 Nc6 9. a3 Re8 10. Bb2 Qb6 11. c4 e6 12. Re1 dxc4 13. Nxc4 Qd8 14. Rc1 Nd5 15. Qd2 Bd7 16. Nd6 Na5 17. Qd1 Rf8 18. b4 Qb6 19. Ne4 Nc6 20. Nc5 Bc8 21. Ne5 Qd8 22. Qf3 Nde7 23. Re4 Nxe5 24. dxe5 b6 25. Nb3 Bb7 26. Rd1 Qe8 27. Nd2 Qa4 28. b5 Bxe4 29. Nxe4 Nd5 30. Nf6+ Kh8 31. Re1 Qf4 32. Qd1 Bh6 33. Re2 Nxf6 34. exf6 Qd6 35. Re4 Rfd8 36. Rd4 Qc5 37. Bxg6 Rxd4 38. Bxd4 Rd8 39. Qh5 Qc1+ 0-1

[Event "Warsaw YMCA Spring-D 170th"]
[Site "Warsaw"]
[Date "2016.06.07"]
[Round "10"]
[White "Duda, Ryszard"]
[Black "Polgrabia, Miroslaw"]
[Result "1-0"]
[WhiteElo "1482"]
[BlackElo "1603"]
[PlyCount "133"]
[EventDate "2016.04.05"]
[EventType "tourn"]
[EventRounds "13"]
[EventCountry "POL"]
[SourceTitle "EXT 2019"]
[Source "ChessBase"]
[SourceDate "2018.10.10"]
[SourceVersion "1"]
[SourceVersionDate "2018.10.10"]
[SourceQuality "1"]

1. c4 c6 2. d4 d5 3. e3 Nf6 4. Nf3 Bg4 5. Nc3 e6 6. Be2 Nbd7 7. Qb3 Qc7 8. cxd5 exd5 9. Qc2 Rc8 10. Bd2 Bd6 11. h3 Bh5 12. 0-0 0-0 13. Rfc1 Rfe8 14. Qd1 Qb8 15. Be1 b5 16. Nh4 Bxe2 17. Nxe2 g6 18. Nf3 Ne4 19. Rc2 b4 20. b3 Qb5 21. Rac1 a5 22. Nd2 f5 23. Nxe4 fxe4 24. Ng3 Nf6 25. Qe2 Qb7 26. Nf1 Re7 27. Bd2 Rf7 28. Be1 Kg7 29. Rb1 Rcf8 30. Rbc1 Rc8 31. Rb1 Ng8 32. Rbc1 Ne7 33. f4 exf3 34. gxf3 Rcf8 35. f4 Rf5 36. Ng3 R5f6 37. Qg2 Kh8 38. Rf2 Qd7 39. Bd2 g5 40. Rcf1 g4 41. hxg4 Qxg4 42. Ne2 Qh5 43. Qf3 Rg8+ 44. Rg2 Rxg2+ 45. Kxg2 Rg6+ 46. Ng3 Qh4 47. Rh1 Qf6 48. Kf2 c5 49. dxc5 Bxc5 50. Qh5 Qg7 51. Rh3 Bd6 52. Kf3 Rf6 53. Bc1 d4 54. Bb2 Ng8 55. Bxd4 Be7 56. Qxa5 Qg6 57. Ne4 h6 58. Nxf6 Bxf6 59. Qxb4 Bxd4 60. Qxd4+ Nf6 61. Qd8+ Kh7 62. Qe7+ Qg7 63. Qxg7+ Kxg7 64. e4 Kg6 65. e5 Nd5 66. Ke4 Ne7 67. b4 1-0

[Event "Warsaw YMCA Spring-D 170th"]
[Site "Warsaw"]
[Date "2016.04.28"]
[Round "4"]
[White "Duda, Ryszard"]
[Black "Kucharski, Jacek"]
[Result "1/2-1/2"]
[WhiteElo "1482"]
[BlackElo "1376"]
[PlyCount "94"]
[EventDate "2016.04.05"]
[EventType "tourn"]
[EventRounds "13"]
[EventCountry "POL"]
[SourceTitle "EXT 2019"]
[Source "ChessBase"]
[SourceDate "2018.10.10"]
[SourceVersion "1"]
[SourceVersionDate "2018.10.10"]
[SourceQuality "1"]

1. e4 c6 2. d4 d5 3. Nc3 dxe4 4. Nxe4 Bf5 5. Ng3 Bg6 6. Nf3 Nd7 7. Nh4 e6 8. Nxg6 hxg6 9. Be3 Qc7 10. h3 Ngf6 11. Bd3 0-0-0 12. Qd2 Bd6 13. Ne4 Nxe4 14. Bxe4 Nf6 15. Bf3 Nd5 16. Bxd5 exd5 17. 0-0-0 f5 18. g3 Rde8 19. h4 Rhf8 20. f4 Re4 21. Rde1 Rfe8 22. Bf2 R8e6 23. Rxe4 Rxe4 24. Re1 Qe7 25. Qd1 Rxe1 26. Qxe1 Qxe1+ 27. Bxe1 Kc7 28. Kd2 Be7 29. Kd3 Kb6 30. c4 Kc7 31. Ba5+ b6 32. Bc3 Kd7 33. b4 a6 34. a4 Kc7 35. c5 b5 36. axb5 axb5 37. Ke3 Kd7 38. Kf3 Ke6 39. Be1 Bf6 40. Bf2 Be7 41. g4 Bf6 42. Kg3 Kf7 43. Kh3 Kg8 44. h5 Kh7 45. g5 Be7 46. Bh4 Bf8 47. hxg6+ Kxg6 1/2-1/2

[Event "Warsaw YMCA Winter-D 166th"]
[Site "Warsaw"]
[Date "2016.03.15"]
[Round "11"]
[White "Duda, Ryszard"]
[Black "Fieducik, Marcin"]
[Result "1-0"]
[WhiteElo "1461"]
[BlackElo "1439"]
[PlyCount "93"]
[EventDate "2016.01.05"]
[EventType "tourn"]
[EventRounds "13"]
[EventCountry "POL"]
[SourceTitle "EXT 2019"]
[Source "ChessBase"]
[SourceDate "2018.10.10"]
[SourceVersion "1"]
[SourceVersionDate "2018.10.10"]
[SourceQuality "1"]

1. e4 e5 2. Nf3 Nc6 3. Bb5 a6 4. Ba4 Nf6 5. 0-0 Bc5 6. c3 0-0 7. Re1 d6 8. h3 Be6 9. d4 exd4 10. cxd4 Bb4 11. Nc3 Bd7 12. Bg5 h6 13. Bh4 g5 14. Bg3 b5 15. Bc2 Ne7 16. a3 Bxc3 17. bxc3 Ng6 18. Qd2 Re8 19. e5 Nh5 20. Bh2 d5 21. Bb3 Be6 22. Qe3 Qe7 23. Nd2 Rac8 24. Bd1 Ng7 25. Nb3 Nf5 26. Qd2 Kg7 27. Nc5 Ra8 28. Be2 c6 29. a4 Nfh4 30. Ra2 f6 31. exf6+ Qxf6 32. Bh5 Kg8 33. axb5 cxb5 34. Rea1 Bc8 35. Bg4 Nf5 36. Ra5 Kh7 37. Qc2 Qe7 38. Be5 Nxe5 39. Bxf5+ Kh8 40. Bxc8 Raxc8 41. Rxa6 Nc4 42. Rxh6+ Kg8 43. Re6 Qf7 44. Rae1 Rxe6 45. Rxe6 Kf8 46. Qe2 Qf4 47. Rf6+ 1-0

[Event "Warsaw YMCA Winter-D 166th"]
[Site "Warsaw"]
[Date "2016.01.20"]
[Round "5"]
[White "Duda, Ryszard"]
[Black "Staszewski, Krzysztof"]
[Result "1/2-1/2"]
[WhiteElo "1461"]
[BlackElo "1496"]
[PlyCount "115"]
[EventDate "2016.01.05"]
[EventType "tourn"]
[EventRounds "13"]
[EventCountry "POL"]
[SourceTitle "EXT 2019"]
[Source "ChessBase"]
[SourceDate "2018.10.10"]
[SourceVersion "1"]
[SourceVersionDate "2018.10.10"]
[SourceQuality "1"]

1. d4 Nf6 2. c4 g6 3. Nc3 Bg7 4. e4 d6 5. Nf3 0-0 6. Be2 Nc6 7. h3 e5 8. d5 Ne7 9. Be3 Nd7 10. Qd2 f5 11. Bh6 f4 12. Bxg7 Kxg7 13. 0-0-0 a5 14. g3 fxg3 15. fxg3 Nc5 16. h4 Bg4 17. Ng5 Bxe2 18. Qxe2 h6 19. Nh3 Qd7 20. g4 Rf7 21. Rdf1 Raf8 22. Rxf7+ Rxf7 23. Rg1 Ng8 24. Qe3 Qe7 25. g5 h5 26. Rg2 Rf1+ 27. Kd2 Qd7 28. Nf2 Na4 29. Qe2 Ra1 30. Nfd1 Nxc3 31. Nxc3 Qh3 32. Rh2 Qf1 33. Qxf1 Rxf1 34. Nb5 Rf7 35. Ke3 Rd7 36. Rf2 c6 37. Nc3 Rf7 38. Rxf7+ Kxf7 39. a3 Ne7 40. b4 axb4 41. axb4 Ke8 42. c5 Kd7 43. Kd3 cxd5 44. Nxd5 Nc6 45. b5 Nd4 46. Kc4 Ne6 47. c6+ bxc6 48. bxc6+ Kxc6 49. Ne7+ Kd7 50. Nxg6 Nd4 51. Nf8+ Ke7 52. Nh7 Nf3 53. g6 Nxh4 54. g7 Kf7 55. Nf6 Kxg7 56. Nxh5+ Kg6 57. Ng3 Kg5 58. Kd5 1/2-1/2

[Event "Warsaw YMCA Autumn-D 158th"]
[Site "Warsaw"]
[Date "2015.11.17"]
[Round "9"]
[White "Kucharski, Jacek"]
[Black "Duda, Ryszard"]
[Result "1-0"]
[WhiteElo "1311"]
[BlackElo "1506"]
[PlyCount "145"]
[EventDate "2015.09.22"]
[EventType "tourn"]
[EventRounds "13"]
[EventCountry "POL"]
[SourceTitle "EXT 2019"]
[Source "ChessBase"]
[SourceDate "2018.10.10"]
[SourceVersion "1"]
[SourceVersionDate "2018.10.10"]
[SourceQuality "1"]

1. Nf3 c5 2. c4 Nc6 3. g3 Nf6 4. Bg2 d5 5. cxd5 Nxd5 6. 0-0 e5 7. d3 Be7 8. Nc3 Nxc3 9. bxc3 0-0 10. Bb2 Be6 11. Qc2 Qc7 12. a3 Rac8 13. c4 Nd4 14. Nxd4 cxd4 15. a4 b6 16. Ba3 Bc5 17. Bxc5 Qxc5 18. Qb3 Rfd8 19. Qb5 Qc7 20. Rfb1 Bd7 21. Qb4 Bc6 22. Bxc6 Qxc6 23. Qe7 Qc7 24. Qxc7 Rxc7 25. Rb5 f6 26. a5 bxa5 27. Raxa5 Rdd7 28. Rb8+ Kf7 29. Rab5 a6 30. Ra5 Rd6 31. f3 Ke6 32. Kf2 f5 33. Re8+ Re7 34. Rxe7+ Kxe7 35. Rxe5+ Kf6 36. Ra5 g5 37. e4 dxe3+ 38. Kxe3 f4+ 39. gxf4 gxf4+ 40. Kxf4 Rxd3 41. Rxa6+ Kg7 42. Rc6 Rd2 43. h4 Rh2 44. Kg3 Rh1 45. Re6 Rg1+ 46. Kf2 Rc1 47. Re4 Rc3 48. Kg3 h5 49. Kf4 Kf6 50. Rd4 Ke6 51. Ke4 Rc1 52. Ke3 Rc3+ 53. Kf4 Kf6 54. Rd6+ Ke7 55. Rc6 Kd7 56. Rc5 Kd6 57. Rxh5 Rxc4+ 58. Kf5 Ke7 59. f4 Kf7 60. Rg5 Rc6 61. h5 Rf6+ 62. Kg4 Rh6 63. Rf5+ Kg7 64. Kg5 Rc6 65. Ra5 Rc7 66. Ra6 Rc5+ 67. f5 Rc7 68. Re6 Rc5 69. h6+ Kh7 70. Re7+ Kh8 71. Kg6 Rc8 72. f6 Rc6 73. Re8# 1-0

[Event "Warsaw YMCA Autumn-D 158th"]
[Site "Warsaw"]
[Date "2015.11.10"]
[Round "8"]
[White "Duda, Ryszard"]
[Black "Borowski, Marek"]
[Result "1-0"]
[WhiteElo "1506"]
[BlackElo "1567"]
[PlyCount "149"]
[EventDate "2015.09.22"]
[EventType "tourn"]
[EventRounds "13"]
[EventCountry "POL"]
[SourceTitle "EXT 2019"]
[Source "ChessBase"]
[SourceDate "2018.10.10"]
[SourceVersion "1"]
[SourceVersionDate "2018.10.10"]
[SourceQuality "1"]

1. c4 e6 2. Nc3 Nf6 3. d4 d5 4. e3 c6 5. Nf3 Nbd7 6. Bd3 Be7 7. 0-0 0-0 8. a3 dxc4 9. Bxc4 b5 10. Bd3 Bb7 11. Bd2 a6 12. Rc1 c5 13. dxc5 Nxc5 14. Be2 Nce4 15. Nxe4 Nxe4 16. Bc3 Nxc3 17. Rxc3 Bf6 18. Rd3 Qc8 19. Rd2 Rd8 20. Rxd8+ Qxd8 21. Qb1 Rc8 22. Rc1 g6 23. h3 Kg7 24. b4 Rc7 25. Nh2 Rxc1+ 26. Qxc1 Qc8 27. Qd1 Bb2 28. a4 Bc6 29. Qc2 Bf6 30. axb5 axb5 31. Bxb5 Bd7 32. Qxc8 Bxc8 33. Bc6 Bd8 34. Nf3 Kf6 35. Kf1 Ke7 36. Ke2 f6 37. Kd3 Kd6 38. Ba4 e5 39. Nd2 f5 40. e4 Bc7 41. Nc4+ Ke7 42. f3 Be6 43. b5 Kf6 44. Kc3 Kg5 45. Ne3 Ba5+ 46. Kd3 Kf4 47. Nf1 fxe4+ 48. fxe4 Ba2 49. Bc2 g5 50. Ke2 g4 51. g3+ Kg5 52. h4+ Kf6 53. Ne3 Be6 54. Bd3 h5 55. Bc4 Bb6 56. Bd5 Bd7 57. Bc6 Ke6 58. Bxd7+ Kxd7 59. Nf5 Bd8 60. Ng7 Ke7 61. Kd3 Kf7 62. Nf5 Ke6 63. Kc4 Bb6 64. Kd3 Bf2 65. Ke2 Bb6 66. Ne3 Kd6 67. Nf5+ Kc5 68. Ng7 Kd4 69. Nxh5 Kxe4 70. Nf6+ Kf5 71. Nd5 Ba7 72. b6 Bb8 73. Ne7+ Ke6 74. Nc6 Bd6 75. b7 1-0

[Event "Warsaw YMCA Autumn-D 158th"]
[Site "Warsaw"]
[Date "2015.10.22"]
[Round "4"]
[White "Szymanski, Pawel"]
[Black "Duda, Ryszard"]
[Result "0-1"]
[WhiteElo "1490"]
[BlackElo "1506"]
[PlyCount "52"]
[EventDate "2015.09.22"]
[EventType "tourn"]
[EventRounds "13"]
[EventCountry "POL"]
[SourceTitle "EXT 2019"]
[Source "ChessBase"]
[SourceDate "2018.10.10"]
[SourceVersion "1"]
[SourceVersionDate "2018.10.10"]
[SourceQuality "1"]

1. e4 c5 2. Nc3 e6 3. Nf3 Nc6 4. d4 cxd4 5. Nxd4 a6 6. Be3 Qc7 7. Be2 Nf6 8. f3 Be7 9. Qd2 0-0 10. 0-0-0 Rd8 11. Qe1 d5 12. exd5 Nxd5 13. Nxd5 Rxd5 14. Nb3 Qe5 15. Rxd5 exd5 16. Qc3 Qe6 17. Nc5 Qd6 18. Nb3 Bf6 19. Qc5 Qe5 20. c3 Be6 21. f4 Qe4 22. Bf3 Qa4 23. Bxd5 Bxd5 24. Qxd5 Qxa2 25. Bd4 Nxd4 26. cxd4 Rc8+ 0-1

[Event "Warsaw YMCA Autumn-D 158th"]
[Site "Warsaw"]
[Date "2015.10.20"]
[Round "5"]
[White "Duda, Ryszard"]
[Black "Staszewski, Krzysztof"]
[Result "0-1"]
[WhiteElo "1506"]
[BlackElo "1416"]
[PlyCount "138"]
[EventDate "2015.09.22"]
[EventType "tourn"]
[EventRounds "13"]
[EventCountry "POL"]
[SourceTitle "EXT 2019"]
[Source "ChessBase"]
[SourceDate "2018.10.10"]
[SourceVersion "1"]
[SourceVersionDate "2018.10.10"]
[SourceQuality "1"]

1. e4 c5 2. Nf3 d6 3. Nc3 Nf6 4. d4 cxd4 5. Nxd4 a6 6. f3 g6 7. Be3 Bg7 8. Qd2 Nc6 9. 0-0-0 0-0 10. g4 Nxd4 11. Bxd4 b5 12. h4 h5 13. g5 Nd7 14. Bxg7 Kxg7 15. Qd4+ Kg8 16. f4 Bb7 17. Nd5 Rc8 18. Kb1 e6 19. Nc3 Nc5 20. b4 Na4 21. Nxa4 bxa4 22. Bd3 Qc7 23. Rhf1 d5 24. exd5 Bxd5 25. Rc1 Rfd8 26. Qb2 Qc3 27. Qxc3 Rxc3 28. Kb2 Rdc8 29. a3 a5 30. b5 R3c5 31. Rce1 Bc4 32. Bxc4 Rxc4 33. Rf2 Kf8 34. Re5 Ke7 35. b6 Rb8 36. Rb5 Kd6 37. Rxa5 Rxb6+ 38. Kc1 Rb7 39. Kd2 Rbc7 40. c3 Rxc3 41. Rxa4 Rc2+ 42. Ke1 Rc1+ 43. Ke2 Rh1 44. Rd4+ Ke7 45. a4 Rxh4 46. a5 Rh1 47. Ra4 Rc2+ 48. Kf3 Rh3+ 49. Kg2 Rxf2+ 50. Kxf2 Rb3 51. a6 Rb8 52. a7 Ra8 53. Kf3 Kd7 54. Ke4 Kd6 55. Ra6+ Kc5 56. Ke5 Kb5 57. Ra3 Kb6 58. Kf6 Rxa7 59. Rxa7 Kxa7 60. Kxf7 h4 61. Kxg6 h3 62. Kf7 h2 63. g6 h1Q 64. g7 Qh7 65. Kf8 Qf5+ 66. Ke8 Qxf4 67. g8Q Qb8+ 68. Kf7 Qxg8+ 69. Kxg8 e5 0-1